Sports Quiz

Random Sports or NBA Quiz

NBA Centers Quiz Stats

 Plays Quiz not verified by Sporcle

Score 0/30 Timer 08:00
0 Plays Today
Team Player % Correct
Boston CelticsKendrick Perkins
94%
Orlando MagicDwight Howard
90.6%
New Jersey NetsBrook Lopez
88.3%
Los Angeles LakersAndrew Bynum
86.5%
Milwaukee BucksAndrew Bogut
84.4%
Detroit PistonsBen Wallace
81.2%
Chicago BullsJoakim Noah
81.2%
Philadelphia 76ersSamuel Dalembert
80.3%
Portland TrailblazersGreg Oden
79.1%
San Antonio SpursTim Duncan
78.9%
Cleveland CavaliersZydrunas Ilgauskas
78.7%
Denver NuggetsNene Hilario
78.2%
New York KnicksDavid Lee
77.3%
Houston RocketsYao Ming
76.4%
Atlanta HawksAl Horford
74.8%
Team Player % Correct
Utah JazzMehmet Okur
74.5%
Minnesota TimberwolvesAl Jefferson
72.7%
Toronto RaptorsAndrea Bargnani
72%
Los Angeles ClipppersChris Kaman
70.9%
Miami HeatJermaine O'Neal
70.4%
Memphis GrizzliesMarc Gasol
70.2%
Charlotte BobcatsTyson Chandler
67.7%
Dallas MavericksErick Dampier
65.6%
Washington WizardsBrendan Haywood
64.7%
New Orleans HornetsEmeka Okafor
62.6%
Indiana PacersRoy Hibbert
60.1%
Phoenix SunsChanning Frye
45.4%
Sacramento KingsJason Thompson
36.5%
Oklahoma City ThunderNenad Krstic
36%
Golden State WarriorsMikki Moore
8.9%

You're not logged in!

Compare scores with friends on all Sporcle quizzes.
OR
Log In

Show Comments

Extras

Top Quizzes Today


Score Distribution

Your Account Isn't Verified!

In order to create a playlist on Sporcle, you need to verify the email address you used during registration. Go to your Sporcle Settings to finish the process.

Report this User

Report this user for behavior that violates our Community Guidelines.

Details: